Brief Introduction to The infinitesimal Calculas (Record no. 549735)

MARC details
000 -LEADER
fixed length control field 00522nam a2200205Ia 4500
008 - FIXED-LENGTH DATA ELEMENTS--GENERAL INFORMATION
fixed length control field 240825s9999 xx 000 0 und d
020 ## - INTERNATIONAL STANDARD BOOK NUMBER
ISBN 9789355270641
Paper back/Hardbound pbk
041 ## - LANGUAGE CODE
Language code of text/sound track or separate title Eng
082 ## - DEWEY DECIMAL CLASSIFICATION NUMBER
Classification number 515.42
Item number FIS
100 ## - MAIN ENTRY--AUTHOR NAME
Personal name Fisher, Irving
245 #2 - TITLE STATEMENT
Title Brief Introduction to The infinitesimal Calculas
Statement of responsibility, etc Fisher, Irving
250 ## - EDITION STATEMENT
Edition statement 1st ed
260 ## - PUBLICATION, DISTRIBUTION, ETC. (IMPRINT)
Name of publisher Maven
Year of publication 2022
Place of publication Chennai
300 ## - PHYSICAL DESCRIPTION
Number of Pages 84
650 ## - SUBJECT ADDED ENTRY--TOPICAL TERM
Topical Term Mathematics
Topical Term Calculus
700 ## - ADDED ENTRY--PERSONAL NAME
Personal name Fisher, Irving
942 ## - ADDED ENTRY ELEMENTS (KOHA)
Koha item type English Books
Holdings
Withdrawn status Lost status Damaged status Not for loan Home library Current library Shelving location Date acquired Cost, normal purchase price Full call number Accession Number Price effective from Koha item type
        Anna Centenary Library Anna Centenary Library 5TH FLOOR, A WING 12.04.2024 250.00 515.42 FIS 676132 25.08.2024 English Books
        Anna Centenary Library Anna Centenary Library 5TH FLOOR, A WING 12.04.2024 250.00 515.42 FIS 676133 25.08.2024 English Books

Find us on the map